| 000 | 00722nam a22002175i 4500 | ||
|---|---|---|---|
| 001 | 177595 | ||
| 003 | ES-MaACL | ||
| 005 | 20230906220353.0 | ||
| 008 | 110405s1964 sp |||| | spa d | ||
| 080 | _a343.611(460) | ||
| 100 | 1 |
_aFernández Albor, Agustín. _949445 |
|
| 245 | 1 | 0 |
_aHomicidio y asesinato / _cpor A. Fernández Albor. |
| 260 |
_aMadrid : _bMontecorvo, _c1964. |
||
| 300 |
_a209 p. ; _c24 cm. |
||
| 490 | 1 |
_aMonografías. Colección de estudios jurídicos ; _v7 |
|
| 650 | 0 | 4 |
_aHomicidio- _zEspaña. _9145983 |
| 650 | 4 |
_aAsesinato- _zEspaña. _9145984 |
|
| 830 | 0 |
_aMonografías. Colección de estudios jurídicos ; _v7 _9190484 |
|
| 852 |
_aES-MaACL _jE-14798 _xOlim P-860-bis |
||
| 999 |
_c177595 _d177595 |
||